000 00525nam a2200193Ia 4500
003 OSt
005 20250314170854.0
008 231217s9999 xx 000 0 und d
020 _a9788178083476
040 _c0
041 _aEnglish
082 _a001.6424 HOP;102
100 _aHopcroft, John E. Motwani, Rajeev. Ullman, Jeffrey D.
245 0 _aIntroduction to automata theory, languages and computation
250 _a3rd ed.
260 _c2001
_bPearson education
_aNew Delhi
300 _a534
942 _cAA
_2ddc
999 _c196041
_d196041